000 00935nas a2200313 4500
001 BR2014003424
003 BR-BrBNA
005 20231205124057.0
007 ta
008 230509b bl.|||p| |||| 00| 00por d
040 _aBR-BrBNA
_bpor
_cBiblioteca Nacional de Agricultura
041 _a(En)
072 _aF08; F01
100 1 _aSantos, F.G.B.
100 1 _aNegreiros, M.Z.
100 1 _aMedeiros, J.F.
100 1 _aLopes, W.A.R.
100 1 _aSoares, A.M.
100 1 _aNunes, G.H.S.
100 1 _aFreitas, F.C.L.
245 1 _aGrowth and yield of Cantaloupe melon 'Acclaim' in protected cultivation using agrotextile
650 _aMELÃO
650 _aCRESCIMENTO
650 _aPRODUTIVIDADE
650 _aCULTIVO PROTEGIDO
773 0 _tHorticultura Brasileira (Brazil)
_xISSN 0102-0536
_g(Jan-Mar 2014), v. 32(1) p. 55-62
_wBR2014003424
909 _a202311
_bLúcia
_c55
_dLúcia Elande
942 _2AGRIS
_n0
_cANA
999 _c237184
_d237184